| 000 | 01461cam a22003617a 4500 | ||
|---|---|---|---|
| 999 |
_c535355 _d535355 |
||
| 001 | 16607782 | ||
| 003 | NUST | ||
| 005 | 20200904101726.0 | ||
| 008 | 110112s2010 pk 000 1 urd | ||
| 010 | _a 2010344966 | ||
| 025 | _aP-U-2010344966; 11 | ||
| 037 |
_bLibrary of Congress -- Islamabad Overseas Office _cRs. 300.00 |
||
| 038 | _aMSOHAIL | ||
| 040 |
_aDLC _cDLC |
||
| 042 | _alcode | ||
| 050 | 0 | 0 | _aMLCMA 2010/00052 (P) |
| 066 |
_c(3 _c(4 |
||
| 082 |
_a891.4392 _bAHM |
||
| 100 | 1 |
_6880-01 _aAḥmad, ʻUmairah, _d1976- _9738 |
|
| 245 | 1 | 0 |
_6880-02 _aZindagī gulzār hai / _cʻUmairah Aḥmad. |
| 250 |
_6880-03 _aTarmīm va iz̤āfah shudah aiḍīshan |
||
| 260 |
_6880-04 _aLāhaur : _bʻIlm va ʻIrfān Pablisharz; _aRāvalpinḍī : _bMilne [kā patah], Kitāb Ghar, _c2010. |
||
| 300 |
_a184 p. ; _c25 cm. |
||
| 500 | _aNovel. | ||
| 546 | _aIn Urdu. | ||
| 880 | 1 |
_6100-01/(3/r _aاحمد، عميره، _d1976- |
|
| 880 | 1 | 0 |
_6245-02/(3/r _aزندگى گلزار هے / _cعميره احمد. |
| 880 |
_6250-03/(3/r _aترميم و اضافه شده ايڈيشن |
||
| 880 |
_6260-04/(3/r _aلاهور : _bعلم و عرفان پبلشرز؛ _aراولپنڈى : _bملنے [کا پته]، کتاب گھر، _c2010. |
||
| 906 |
_a7 _bcbc _corigode _d4 _encip _f20 _gy-nonroman |
||
| 942 |
_2ddc _cBK |
||